1063 1916 1587 1425 1067 1401 1753 1178 1477 1765 1576 1122 1730 1248 1446 1436 1705 1958 1301 1409 1024 1927 1743 1709 1186 1880 1845 1086 1174 1026 1860 1130 1813 1856 1471 1483 1075 1272 1515 1037 1454 1462 1920 1875 1884 1716 1362 1307 1935 1290 1428 1901 1183 1322 1152 1398 1277 1906 1410 1291 1681 1035 1853 1218 1505 1192 1282 1438 1264 1163 1120 1023 1423 1594 1710 1126 1892 1433 1504 1531 1159 1943 1816 1907 1140 1497 1632 1658 1450 1888 1137 1550 1175 1774 1634 1689 1028 1235 1012 BCNSPRNW ULIB Ver.6.0+V

เปลี่ยนเป็นภาษาไทย

Change to English
 แสดงรายละเอียดบรรณานุกรม
  กลับหน้าหลัก

Brief Record : Get Marc (ISO 2709) : E-mail record : QR code < ปิดหน้าต่าง
LEADER : 00000nam 2200000uu 4500
001    13399121537
003     ULIB
008    121122s2541||||th 000 0 tha d
099 00 ^aวพ.W 4^bอ247ค
100 0  ^aเอื้อมเดือน เนตรแขม
245 10 ^aความคิดอัตโนมัติด้านลบ กับความซึมเศร้าในผู้เสพติดสุราเรื้อรัง /^cเอื้อมเดือน เนตรแขม
260    ^aเชียงใหม่ :^bบัณฑิตวิทยาลัย มหาวิทยาลัยเชียงใหม่,^c2541
300    ^aญ, 72 แผ่น :^bตาราง
502    ^aวิทยานิพนธ์ (พยาบาลศาสตรมหาบัณฑิต (สาขาวิชาสุขภาพจิตและการพยาบาลจิตเวช)) -- มหาวิทยาลัยเชียงใหม่
504    ^aบรรณานุกรม: แผ่น 50-56
610 27 ^aโรงพยาบาลสวนปรุง
650  2 ^aDissertations, academic^xnursing
650  2 ^aThinking
650  2 ^aDepression
650  2 ^aAlcoholism
650  7 ^aคนติดสุรา^zเชียงใหม่
650  7 ^aคนติดยาเสพติด^zเชียงใหม่
710 20 ^aมหาวิทยาลัยเชียงใหม่.^bบัณฑิตวิทยาลัย
710 20 ^aมหาวิทยาลัยเชียงใหม่.^bสาขาวิชาสุขภาพจิตและการพยาบาลจิตเวช
945    ^p0^l0^i033136
995    เกษร
999    ^aใช้งานได้ทุกระบบ
รายการนี้ยังไม่มีแท็ก
คุณยังไม่ได้ล็อกอิน คุณสามารถมีกิจกรรมร่วมกับเว็บไซต์ได้ แต่ต้องล็อกอินก่อน ::
  ล็อกอิน

รายการสื่อสารสนเทศ

ลำดับที่ ประเภท เลขเรียก/บาร์โค้ด สถานที่ สถานะ
1. วิทยานิพนธ์
วิทยานิพนธ์
วพ.W 4 อ247ค  
  Barcode: 033136
ห้องสมุดวิทยาเขตสวรรค์ประชารักษ์
►วิจัย
บนชั้น

รายการใกล้เคียง
    หัวเรื่อง [Thinking]
    หัวเรื่อง [Depression]

BibComment


ยังไม่เคยถูกคอมเมนท์

คอมเมนท์ทรัพยากรรายการนี้
  คอมเมนท์: ความคิดอัตโนมัติ..


 Copyright 2026. Bcnsprnw @Library